| 000 | 01591nam0a2200349 4500 | ||
|---|---|---|---|
| 001 | RU\NLR\bibl\400235 | ||
| 005 | 20260406132708.0 | ||
| 010 |
_a5-8430-0074-5 _91000 |
||
| 021 |
_aRU _b2003-22466 _91046 |
||
| 035 | _a(NLR Aleph) 000394416 | ||
| 090 |
_a535934 _c535934 |
||
| 100 | _a20030516d2002 |||y0rusy50 ca | ||
| 101 | 0 | _arus | |
| 102 | _aRU | ||
| 105 | _aa ||||||||| | ||
| 200 | 1 |
_aФинансы Карелии _e[История финансов Карелии _fВ.Г. Баданов, К.В. Гнетнев] _gАрх. упр. Респ. Карелия, Нац. арх. Респ. Карелия, Карел. гос. арх. новейшей истории |
|
| 210 |
_aПетрозаводск _cПетроПресс _d2002 |
||
| 215 |
_a191 с. _cил., цв. ил. _d30 |
||
| 300 | _aАвт. указаны на обороте тит. л. | ||
| 300 | _a200-летию Министерства финансов России посвящается | ||
| 320 | _aБиблиогр.: с. 190 | ||
| 606 | 0 |
_aФинансы _yКарелия, Республика _92289018 _3RU\NLR\auth\661370985 |
|
| 686 | _aУ26(2Р-6Кар) | ||
| 700 | 1 |
_aБаданов _bВ. Г. _gВадим Георгиевич _4070 |
|
| 701 | 1 |
_aГнетнев _bК. В. _gКонстантин Васильевич _4070 |
|
| 712 | 0 | 2 |
_4570 _aНациональный архив Республики Карелия _cПетрозаводск _3RU\NLR\AUTH\8824539 _9323859 |
| 801 | 0 |
_aRU _bNLR _c20030516 _gPSBO |
|
| 801 | 1 |
_aRU _bNLR _c20030516 |
|
| 942 | _cBOOK | ||
| 980 | _aNB | ||
| 980 | _aNBR | ||